Environmental physics in construction : its application in architectural design /

Bibliographic Details
Uniform Title:Bauphysik.
Other Authors: Schild, Erich, 1917-, Finbow, M.
Format: Book
Language:English
Published: London ; New York : Granada ; [1981]
Subjects:

MARC

Tag First Indicator Second Indicator Subfields
LEADER 00000cam a2200000 a 4500
001 in00000336998
005 20151011053853.0
008 830204s1981 enka b 00100 eng
010 |a  82161728  
020 |a 0246112247 :  |c $55.00 (U.S.) 
035 |a (OCoLC)08577224 
035 |9 ABL8552AM 
039 0 |a 2  |b 3  |c 3  |d 3  |e 3 
040 |a DLC  |c DLC  |d TXA  |d UtOrBLW 
041 1 |a eng  |h ger 
049 |a TXAM  |c [1273382] 
050 0 0 |a TH6021  |b  B3413 1981 
082 0 |a 721  |2 19 
130 0 |a Bauphysik.  |l English. 
245 1 0 |a Environmental physics in construction :  |b its application in architectural design /  |c Erich Schild [and others] ; edited by M. Finbow. 
264 1 |a London ;  |a New York :  |b Granada ;  |c [1981] 
264 2 |a Brookfield, Vt. :  |b  Distributed by Renouf/USA, 
264 4 |c ©1981 
300 |a 213 pages :  |b illustrations ;  |c 31 cm. 
336 |a text  |b txt  |2 rdacontent 
337 |a unmediated  |b n  |2 rdamedia 
338 |a volume  |b nc  |2 rdacarrier 
500 |a Revised translation of: Bauphysik. 
500 |a Includes index. 
504 |a Bibliography: pages 203-209. 
650 0 |a Buildings  |x Environmental engineering. 
700 1 |a Schild, Erich,  |d 1917- 
700 1 |a Finbow, M. 
999 |a MARS 
999 f f |s ac047a6c-3a7f-3cb9-ad1e-b553126b212c  |i 5c198749-5923-343f-8f7e-fa0068da7d09  |t 0 
952 f f |p ric  |a Texas A&M University  |b Rellis Campus  |c Joint Library Facility  |d Remote Storage  |t 0  |e TH6021 B3413 1981  |h Library of Congress classification  |i unmediated -- volume  |m A14807309818 
998 f f |a TH6021 B3413 1981  |t 0  |l Remote Storage